| 000 | 00448nam a2200169Ia 4500 | ||
|---|---|---|---|
| 008 | 130318s9999 xx 000 0 und d | ||
| 020 | _a9780495558774 | ||
| 082 | _a511.8 GIO/F | ||
| 100 | _aGiordano, Frank R | ||
| 245 | _aFirst course in Mathematical modeling | ||
| 250 | _a4 | ||
| 260 |
_bBrooks/Cole _aAustralia _c2009 |
||
| 300 |
_a600 _e1 CD No-486 |
||
| 650 | _aMATHEMATICAL MODELS | ||
| 700 | _aFox, William P | ||
| 700 | _aHorton, Steven B | ||
| 999 |
_c1472 _d1472 |
||